|
|
|
|
| LEADER |
00000nam a22000003a 4500 |
| 001 |
stu253815 |
| 005 |
20150617230225.2 |
| 008 |
120828s2011----xr------------------cze-d |
| 020 |
|
|
|a 978-80-214-4342-6
|
| 040 |
|
|
|a STU
|b slo
|
| 041 |
0 |
|
|a cze
|
| 044 |
|
|
|a xr
|
| 080 |
|
|
|a 676.064.1
|
| 100 |
1 |
|
|a Kocman, Jiří H.
|4 aut
|
| 245 |
1 |
|
|a Médium papír
|
| 250 |
|
|
|a 3. dopl. vyd.
|
| 260 |
|
|
|a Brno :
|b VUTIUM,
|c 2011
|
| 300 |
|
|
|a 87 s
|
| 650 |
|
7 |
|a papier
|2 stusub
|
| 650 |
|
7 |
|a papierenský priemysel
|2 stusub
|
| 856 |
4 |
|
|a https://sweb.mtf.stuba.sk/obsahy/medium_papir_11
|u https://sweb.mtf.stuba.sk/obsahy/medium_papir_11
|3 OBSAH
|
| 996 |
|
|
|b 284M081398
|c M*13231-1
|l MMKN
|s A
|a 24
|w stu253815_0001
|